Pakistan on the brink : (Record no. 330248)
[ view plain ]
| 000 -LEADER | |
|---|---|
| fixed length control field | 01464 a2200205 4500 |
| 003 - CONTROL NUMBER IDENTIFIER | |
| control field | NUST |
| 005 - DATE AND TIME OF LATEST TRANSACTION | |
| control field | 20170615114314.0 |
| 008 - FIXED-LENGTH DATA ELEMENTS--GENERAL INFORMATION | |
| fixed length control field | 170615b xxu||||| |||| 00| 0 eng d |
| 020 ## - INTERNATIONAL STANDARD BOOK NUMBER | |
| International Standard Book Number | 0739104985 |
| 020 ## - INTERNATIONAL STANDARD BOOK NUMBER | |
| International Standard Book Number | 9780739104989 |
| 040 ## - CATALOGING SOURCE | |
| Transcribing agency | 0 |
| 082 04 - DEWEY DECIMAL CLASSIFICATION NUMBER | |
| Classification number | 954.91053 |
| 100 1# - MAIN ENTRY--PERSONAL NAME | |
| Personal name | Baxter, Craig. |
| 9 (RLIN) | 2693 |
| 245 10 - TITLE STATEMENT | |
| Title | Pakistan on the brink : |
| Remainder of title | politics, economics, and society / |
| Statement of responsibility, etc. | Craig Baxter. |
| 260 ## - PUBLICATION, DISTRIBUTION, ETC. | |
| Place of publication, distribution, etc. | [S.l.] : |
| Name of publisher, distributor, etc. | Lexington Books, |
| Date of publication, distribution, etc. | 2004. |
| 300 ## - PHYSICAL DESCRIPTION | |
| Extent | 277 p. ; |
| Dimensions | 23 cm. |
| 500 ## - GENERAL NOTE | |
| General note | Hardcover. |
| 520 ## - SUMMARY, ETC. | |
| Summary, etc. | This collection of essays scrutinizes many aspects of Pakistan's foreign policy, including their evolving relations with the United States, India, and Afghanistan. Essential to understanding Pakistan's foreign relations is a focus on Pakistan's domestic policies. The contributing scholars deftly analyze the following domestic aspects: Pakistan's developing economy, controversial election process, education system, and local government. This examination of Pakistan's domestic policy is vital to the understanding of Pakistan's global political stance. Pakistan on the Brink is an imperative source of scholarship for South Asian, Pakistan Studies, and political scholars. |
| 856 40 - ELECTRONIC LOCATION AND ACCESS | |
| Materials specified | Amazon.com |
| Uniform Resource Identifier | <a href="http://www.amazon.com/exec/obidos/ASIN/0739104985/chopaconline-20">http://www.amazon.com/exec/obidos/ASIN/0739104985/chopaconline-20</a> |
| 856 40 - ELECTRONIC LOCATION AND ACCESS | |
| Materials specified | Amazon customer reviews |
| Uniform Resource Identifier | <a href="http://www.chopac.org/cgi-bin/tools/azrev.pl?q=0739104985">http://www.chopac.org/cgi-bin/tools/azrev.pl?q=0739104985</a> |
| 942 ## - ADDED ENTRY ELEMENTS (KOHA) | |
| Koha item type | Book |
| Call number prefix | 954.91053 BAX |
| Source of classification or shelving scheme | |
| Withdrawn status | Lost status | Source of classification or shelving scheme | Damaged status | Not for loan | Collection code | Permanent Location | Current Location | Shelving location | Date acquired | Total Checkouts | Total Renewals | Full call number | Barcode | Date last seen | Date last checked out | Price effective from | Koha item type |
|---|---|---|---|---|---|---|---|---|---|---|---|---|---|---|---|---|---|
| Central Library (CL) | Central Library (CL) | General Stacks | 06/15/2017 | 3 | 1 | 954.91053 BAX | S3H-D-303 | 02/01/2025 | 09/18/2024 | 06/15/2017 | Book |
